Nuclear rocket engine; Методология проектирования молодежного научно-инновационного пространства как основа подготовки современного инженера

Opis bibliograficzny
Parent link:Методология проектирования молодежного научно-инновационного пространства как основа подготовки современного инженера.— 2014.— [С. 143-148]
1. autor: Isakov A. D.
organizacja autorów: Национальный исследовательский Томский политехнический университет (ТПУ) Физико-технический институт (ФТИ) Кафедра высшей математики и математической физики (ВММФ), Национальный исследовательский Томский политехнический университет (ТПУ) Физико-технический институт (ФТИ) Кафедра иностранных языков физико-технического института (ИЯФТ)
Kolejni autorzy: Prozorov A. A. Alexander Andreevich (научный руководитель), Shutova E. P., Totmeninov M. E., Kabrysheva O. P. Oksana Pavlovna
Streszczenie:Заглавие с экрана
This article describes a solution to the problem of insufficient capacity of existing rocket engines for interplanetary missions. Development in the sphere was analyzed by comparing the examples of the rockets of 1970 and present time. Further development of the nuclear engine is discussed.
Język:angielski
Wydane: 2014
Seria:Integrity of traditions and innovations as the basis for the development of modern engineering science
Hasła przedmiotowe:
Dostęp online:http://earchive.tpu.ru/handle/11683/64996
http://www.lib.tpu.ru/fulltext/c/2014/C07/030.pdf
Format: Elektroniczne Rozdział
KOHA link:https://koha.lib.tpu.ru/cgi-bin/koha/opac-detail.pl?biblionumber=607938

MARC

LEADER 00000naa2a2200000 4500
001 607938
005 20260316140714.0
035 |a (RuTPU)RU\TPU\conf\5344 
035 |a RU\TPU\conf\5343 
090 |a 607938 
100 |a 20140906d2014 k y0rusy50 ba 
101 0 |a eng 
102 |a RU 
135 |a drcn ---uucaa 
181 0 |a i  
182 0 |a b 
200 1 |a Nuclear rocket engine  |f A. D. Isakov, A. A. Prozorov, E. P. Shutova  |g Sci. adv. M. E. Totmeninov, O. P. Kabrysheva 
203 |a Текст  |c электронный 
215 |a 1 файл (481 Кб) 
225 1 |a Integrity of traditions and innovations as the basis for the development of modern engineering science 
300 |a Заглавие с экрана 
320 |a [Библиогр.: с. 147-148 (8 назв.)] 
330 |a This article describes a solution to the problem of insufficient capacity of existing rocket engines for interplanetary missions. Development in the sphere was analyzed by comparing the examples of the rockets of 1970 and present time. Further development of the nuclear engine is discussed. 
337 |a Adobe Reader 
463 1 |0 (RuTPU)RU\TPU\conf\3581  |t Методология проектирования молодежного научно-инновационного пространства как основа подготовки современного инженера  |l Strategy design of youth science and innovation environment for modern engineer training  |o сборник научных трудов Международной молодежной научной школы, г. Томск, 2 - 4 апреля 2014 г.  |f Национальный исследовательский Томский политехнический университет (ТПУ) ; под ред. В. В. Верхотуровой и др.  |v [С. 143-148]  |d 2014 
610 1 |a электронный ресурс 
610 1 |a труды учёных ТПУ 
610 1 |a ядерные двигатели 
610 1 |a двигатели 
610 1 |a ракеты 
610 1 |a межпланетные полеты 
610 1 |a жидкостные ракетные двигатели 
700 1 |a Isakov  |b A. D. 
701 1 |a Prozorov  |b A. A.  |c mathematician  |c Laboratory assistant of Tomsk Polytechnic University  |f 1994-  |g Alexander Andreevich  |3 (RuTPU)RU\TPU\pers\32696 
701 1 |a Shutova  |b E. P. 
702 1 |a Totmeninov  |b M. E.  |4 727 
702 1 |a Kabrysheva  |b O. P.  |c linguist  |c Senior Lecturer of Tomsk Polytechnic University  |f 1976-  |g Oksana Pavlovna  |4 727  |9 16568 
712 0 2 |a Национальный исследовательский Томский политехнический университет (ТПУ)  |b Физико-технический институт (ФТИ)  |b Кафедра высшей математики и математической физики (ВММФ)  |3 (RuTPU)RU\TPU\col\18727 
712 0 2 |a Национальный исследовательский Томский политехнический университет (ТПУ)  |b Физико-технический институт (ФТИ)  |b Кафедра иностранных языков физико-технического института (ИЯФТ)  |3 (RuTPU)RU\TPU\col\18736 
801 1 |a RU  |b 63413507  |c 20101016 
801 2 |a RU  |b 63413507  |c 20210401  |g RCR 
856 4 |u http://earchive.tpu.ru/handle/11683/64996 
856 4 |u http://www.lib.tpu.ru/fulltext/c/2014/C07/030.pdf 
942 |c BK